000 00782cab a2200229 4500
001 WB3436-05
008 090401t1998 xxu||||| |||| 00| 0 eng d
035 _a(Sirsi) u88680
041 _aeng
245 _aPlight of town centre food stores
260 _c1998
350 _a0
490 _aFinancial Times
_v25 September 1998, 10(1)
520 _aThe DETR`s "Impact of large food stores on market towns and district centres" (Stationery Office £20) reveals that out-of-town superstores have cut the market share of town centre food stores by up to 50%.
650 _aFOOD STORES
650 _aMARKET TOWNS
650 _aOUT-OF-TOWN SUPERSTORES
650 _aTOWN CENTES
690 _aPROPERTY-COMMERCIAL PROPERTY-RETAIL PROPERTY
942 _n0
948 _c25/09/1998
999 _c56067
_d56067